LEADER 00965nam0-22003131i-450- 001 990006819130403321 005 20001010 035 $a000681913 035 $aFED01000681913 035 $a(Aleph)000681913FED01 035 $a000681913 100 $a20001010d--------km-y0itay50------ba 101 0 $aita 105 $ay-------001yy 200 1 $a<>recupero della memoria$eper una storia della resistenza in Terra di lavoro$eautunno 1943$fGiuseppe Capobianco$gprefazione di Guido D'Agostino. 210 $aNapoli$cEsi$d1995. 215 $aX, 234 p. ill. 23 cm 225 1 $a<>presente come storia$v3 610 0 $aResistenza - Terra di Lavoro - 1943 676 $a940.5345 700 1$aCapobianco,$bGiuseppe$0252356 801 0$aIT$bUNINA$gRICA$2UNIMARC 901 $aBK 912 $a990006819130403321 952 $aCOLLEZ. 1682 (3)$b26482$fFSPBC 959 $aFSPBC 996 $aRecupero della memoria$9634016 997 $aUNINA DB $aGEN01 LEADER 01057nam0-22003491i-450- 001 990008033170403321 005 20050330112412.0 010 $a2701800366 035 $a000803317 035 $aFED01000803317 035 $a(Aleph)000803317FED01 035 $a000803317 100 $a20050330d1987----km-y0itay50------ba 101 0 $afre 102 $aFR 105 $ay-------001yy 200 1 $aInscriptions de Cilicie$fGilbert Dagron et Denis Feissel$gavec la collaboration de Antoine Hermary, Jean Richard et Jean-Pierre Sodini 210 $aParis$cDe Boccard$d1987 215 $a297 p., 66 p. di tav.$d24 cm 676 $a481.1$v20$zita 700 1$aDagron,$bGilbert$f<1932- >$0135406 701 1$aFeissel,$bDenis$0497182 702 1$aHermary,$bAntoine 702 1$aRichard,$bJean 702 1$aSodini,$bJean-Pierre 801 0$aIT$bUNINA$gRICA$2UNIMARC 901 $aBK 912 $a990008033170403321 952 $aDDR-ep. IIa 521$b2381 ddr$fDDR$m21-5354 959 $aDDR 996 $aInscriptions de Cilicie$9755092 997 $aUNINA